[Event "New Zealand Championship 2023"]
[Site "Wellington"]
[Date "2023.01.07"]
[Round "6.6"]
[White "Park-Tamati, Philli"]
[Black "Ker, Anthony F"]
[Result "0-1"]
[WhiteElo "2065"]
[BlackElo "2425"]

1. d4 {[%clk 01:30:53] [%emt 00:00:06]} 1... Nf6 {[%clk 01:30:53] [%emt
00:00:08]} 2. Bf4 {[%clk 01:31:14] [%emt 00:00:09]} 2... e6 {[%clk 01:31:15]
[%emt 00:00:08]} 3. e3 {[%clk 01:31:32] [%emt 00:00:12]} 3... c5 {[%clk
01:31:35] [%emt 00:00:10]} 4. Nd2 {[%clk 01:31:47] [%emt 00:00:16]} 4... cxd4
{[%clk 01:29:28] [%emt 00:02:37]} 5. exd4 {[%clk 01:32:11] [%emt 00:00:07]}
5... Be7 {[%clk 01:25:36] [%emt 00:04:21]} 6. Bd3 {[%clk 01:29:45] [%emt
00:02:55]} 6... O-O {[%clk 01:25:54] [%emt 00:00:12]} 7. c3 {[%clk 01:29:05]
[%emt 00:01:10]} 7... d6 {[%clk 01:25:05] [%emt 00:01:18]} 8. Ngf3 {[%clk
01:27:55] [%emt 00:01:40]} 8... b6 {[%clk 01:25:10] [%emt 00:00:25]} 9. O-O
{[%clk 01:26:34] [%emt 00:01:48]} 9... Bb7 {[%clk 01:25:34] [%emt 00:00:10]}
10. h3 {[%clk 01:25:41] [%emt 00:01:22]} 10... Nbd7 {[%clk 01:25:27] [%emt
00:00:37]} 11. Qe2 {[%clk 01:25:56] [%emt 00:00:15]} 11... Re8 {[%clk 01:25:30]
[%emt 00:00:26]} 12. Ba6 {[%clk 01:25:29] [%emt 00:00:57]} 12... Bxa6 {[%clk
01:15:31] [%emt 00:10:31]} 13. Qxa6 {[%clk 01:25:53] [%emt 00:00:06]} 13... Qc8
{[%clk 01:15:38] [%emt 00:00:22]} 14. Qxc8 {[%clk 01:21:17] [%emt 00:05:06]}
14... Rexc8 {[%clk 01:15:24] [%emt 00:00:44]} 15. a4 {[%clk 01:20:59] [%emt
00:00:48]} 15... a6 {[%clk 01:15:39] [%emt 00:00:15]} 16. Nb3 {[%clk 01:20:12]
[%emt 00:01:16]} 16... h6 {[%clk 01:08:32] [%emt 00:07:36]} 17. Nc1 {[%clk
01:05:44] [%emt 00:14:59]} 17... Nd5 {[%clk 01:05:22] [%emt 00:03:39]} 18. Bg3
{[%clk 01:03:37] [%emt 00:02:36]} 18... f5 {[%clk 01:03:26] [%emt 00:02:31]}
19. Nd3 {[%clk 00:57:53] [%emt 00:06:10]} 19... g5 {[%clk 01:03:08] [%emt
00:00:48]} 20. Rfe1 {[%clk 00:55:49] [%emt 00:02:35]} 20... Kf7 {[%clk
01:03:13] [%emt 00:00:25]} 21. Nd2 {[%clk 00:49:35] [%emt 00:06:44]} 21... b5
{[%clk 01:00:44] [%emt 00:02:59]} 22. Ra2 {[%clk 00:36:22] [%emt 00:13:44]}
22... N7b6 {[%clk 00:52:31] [%emt 00:08:43]} 23. axb5 {[%clk 00:36:23] [%emt
00:00:28]} 23... axb5 {[%clk 00:52:52] [%emt 00:00:09]} 24. Rea1 {[%clk
00:36:17] [%emt 00:00:37]} 24... Rxa2 {[%clk 00:42:29] [%emt 00:10:54]} 25.
Rxa2 {[%clk 00:36:06] [%emt 00:00:37]} 25... Nc4 {[%clk 00:42:47] [%emt
00:00:16]} 26. Nb1 {[%clk 00:30:34] [%emt 00:06:02]} 26... f4 {[%clk 00:34:45]
[%emt 00:08:32]} 27. Bh2 {[%clk 00:30:48] [%emt 00:00:15]} 27... Bf6 {[%clk
00:33:59] [%emt 00:01:17]} 28. Ra7+ {[%clk 00:25:07] [%emt 00:06:10]} 28... Kg6
{[%emt 00:03:22]} 29. g3 {[%clk 00:21:52] [%emt 00:01:29]} 29... e5 {[%clk
00:30:53] [%emt 00:03:00]} 30. gxf4 {[%clk 00:18:39] [%emt 00:03:43]} 30...
gxf4 {[%clk 00:29:33] [%emt 00:01:50]} 31. dxe5 {[%clk 00:17:58] [%emt
00:01:12]} 31... dxe5 {[%clk 00:29:54] [%emt 00:00:08]} 32. Rb7 {[%clk
00:17:21] [%emt 00:01:08]} 32... Nd6 {[%clk 00:19:33] [%emt 00:10:51]} 33. Rd7
{[%clk 00:16:05] [%emt 00:01:46]} 33... Rc6 {[%clk 00:19:56] [%emt 00:00:07]}
34. Na3 {[%clk 00:14:30] [%emt 00:02:05]} 34... Kf5 {[%clk 00:19:15] [%emt
00:01:10]} 35. Nxb5 {[%clk 00:14:01] [%emt 00:01:00]} 35... Nxb5 {[%clk
00:09:09] [%emt 00:10:36]} 36. Rxd5 {[%clk 00:14:11] [%emt 00:00:19]} 36... Nc7
{[%clk 00:09:30] [%emt 00:00:10]} 37. Rc5 {[%clk 00:12:59] [%emt 00:01:42]}
37... Rxc5 {[%clk 00:07:52] [%emt 00:02:09]} 38. Nxc5 {[%clk 00:13:21] [%emt
00:00:06]} 38... e4 {[%clk 00:08:00] [%emt 00:00:22]} 39. Kf1 {[%clk 00:09:19]
[%emt 00:04:32]} 39... Be7 {[%clk 00:06:49] [%emt 00:01:41]} 40. Nb3 {[%clk
00:38:55] [%emt 00:00:53]} 40... Ne6 {[%clk 00:37:09] [%emt 00:00:12]} 41. Nc1
{[%clk 00:33:12] [%emt 00:06:13]} 41... Ng5 {[%emt 00:11:39]} 42. Kg2 {[%clk
00:26:49] [%emt 00:06:51]} 42... Bf6 {[%clk 00:25:16] [%emt 00:01:14]} 43. h4
{[%clk 00:24:22] [%emt 00:02:58]} 43... Nf3 {[%clk 00:24:57] [%emt 00:00:49]}
44. h5 {[%clk 00:24:25] [%emt 00:00:26]} 44... Kg4 {[%emt 00:11:29]} 45. Nb3
{[%emt 00:06:38]} 45... Bh4 {[%emt 00:04:09]} 46. Nc5 {[%clk 00:13:13] [%emt
00:00:37]} 46... Nxh2 {[%emt 00:03:57]} 47. Nxe4 {[%clk 00:06:18] [%emt
00:04:25]} 47... Nf3 {[%clk 00:15:07] [%emt 00:00:12]} 48. b4 {[%emt 00:02:32]}
48... Ne5 {[%emt 00:01:15]} 49. Nd2 {[%clk 00:05:12] [%emt 00:00:39]} 49... f3+
{[%clk 00:13:09] [%emt 00:00:40]} 50. Kf1 {[%clk 00:05:15] [%emt 00:00:26]}
50... Nd3 {[%clk 00:12:58] [%emt 00:00:41]} 51. Nc4 {[%clk 00:03:39] [%emt
00:02:06]} 51... Bxf2 {[%clk 00:12:18] [%emt 00:01:10]} 52. Ne5+ {[%clk
00:04:01] [%emt 00:00:08]} 52... Nxe5 {[%emt 00:00:08]} 53. Kxf2 {[%emt
00:00:06]} 53... Kf4 {[%clk 00:12:51] [%emt 00:00:16]} 0-1

[Event "New Zealand Championship 2023"]
[Site "Wellington"]
[Date "2023.01.07"]
[Round "6.7"]
[White "Steadman, Michael V R"]
[Black "Winter, Ryan"]
[Result "1-0"]
[WhiteElo "2306"]
[BlackElo "2209"]

1. e4 {[%clk 01:30:52] [%emt 00:00:07]} 1... c6 {[%clk 01:30:26] [%emt
00:00:35]} 2. d3 {[%clk 01:31:06] [%emt 00:00:15]} 2... d5 {[%clk 01:30:43]
[%emt 00:00:13]} 3. Nd2 {[%clk 01:31:31] [%emt 00:00:05]} 3... e5 {[%clk
01:27:49] [%emt 00:03:24]} 4. Ngf3 {[%clk 01:31:23] [%emt 00:00:38]} 4... Bd6
{[%clk 01:28:06] [%emt 00:00:14]} 5. d4 {[%clk 01:31:22] [%emt 00:00:31]} 5...
exd4 {[%clk 01:15:28] [%emt 00:13:08]} 6. exd5 {[%clk 01:31:23] [%emt
00:00:28]} 6... cxd5 {[%clk 01:15:03] [%emt 00:00:56]} 7. Nxd4 {[%clk 01:30:57]
[%emt 00:00:56]} 7... Nc6 {[%clk 01:13:47] [%emt 00:01:47]} 8. N2f3 {[%clk
01:29:59] [%emt 00:01:28]} 8... Nge7 {[%clk 01:08:00] [%emt 00:06:16]} 9. Be2
{[%clk 01:23:13] [%emt 00:07:16]} 9... O-O {[%clk 01:02:50] [%emt 00:05:41]}
10. O-O {[%clk 01:21:51] [%emt 00:01:52]} 10... Re8 {[%clk 00:59:26] [%emt
00:03:54]} 11. Bg5 {[%clk 01:14:49] [%emt 00:07:32]} 11... a6 {[%clk 00:52:04]
[%emt 00:07:53]} 12. h3 {[%clk 01:12:48] [%emt 00:02:30]} 12... Bc7 {[%clk
00:48:50] [%emt 00:03:45]} 13. Qd2 {[%clk 01:11:05] [%emt 00:02:13]} 13... Qd6
{[%clk 00:46:04] [%emt 00:03:15]} 14. Rad1 {[%clk 01:10:07] [%emt 00:01:28]}
14... Nxd4 {[%clk 00:30:45] [%emt 00:15:50]} 15. Qxd4 {[%clk 01:10:24] [%emt
00:00:13]} 15... Nf5 {[%clk 00:30:15] [%emt 00:00:59]} 16. Qd3 {[%clk 01:07:48]
[%emt 00:03:06]} 16... h6 {[%clk 00:28:00] [%emt 00:02:45]} 17. Bc1 {[%clk
01:07:11] [%emt 00:01:07]} 17... Nh4 {[%clk 00:25:26] [%emt 00:03:04]} 18. g3
{[%clk 01:06:03] [%emt 00:01:38]} 18... Bf5 {[%clk 00:22:44] [%emt 00:03:12]}
19. Qc3 {[%clk 00:58:24] [%emt 00:08:09]} 19... Rxe2 {[%clk 00:11:20] [%emt
00:11:54]} 20. Nxh4 {[%clk 00:58:41] [%emt 00:00:13]} 20... Bxh3 {[%clk
00:11:28] [%emt 00:00:22]} 21. Bf4 {[%clk 00:57:57] [%emt 00:01:14]} 21... Qe6
{[%clk 00:11:12] [%emt 00:00:46]} 22. Bxc7 {[%clk 00:57:10] [%emt 00:01:17]}
22... Bxf1 {[%clk 00:09:04] [%emt 00:02:44]} 23. Kxf1 {[%clk 00:53:55] [%emt
00:03:40]} 23... Re4 {[%clk 00:07:53] [%emt 00:01:41]} 24. Qd3 {[%clk 00:51:31]
[%emt 00:02:54]} 24... Rc8 {[%clk 00:06:53] [%emt 00:01:34]} 25. Ba5 {[%clk
00:51:13] [%emt 00:00:44]} 25... Rcc4 {[%clk 00:05:27] [%emt 00:01:56]} 26. Ng2
{[%clk 00:49:16] [%emt 00:02:26]} 26... Qc6 {[%clk 00:04:11] [%emt 00:01:47]}
27. Qxd5 {[%clk 00:43:34] [%emt 00:06:12]} 27... Qxd5 {[%clk 00:02:02] [%emt
00:02:39]} 28. Rxd5 {[%clk 00:44:02] [%emt 00:00:02]} 28... Rxc2 {[%clk
00:02:24] [%emt 00:00:08]} 29. Bc3 {[%clk 00:43:35] [%emt 00:00:57]} 29... Rc1+
{[%clk 00:01:17] [%emt 00:01:37]} 30. Ne1 {[%clk 00:43:22] [%emt 00:00:43]}
30... b5 {[%clk 00:01:23] [%emt 00:00:24]} 31. a3 {[%clk 00:43:35] [%emt
00:00:17]} 31... Re6 {[%clk 00:01:06] [%emt 00:00:46]} 32. f3 {[%clk 00:42:14]
[%emt 00:01:51]} 1-0

[Event "New Zealand Championship 2023"]
[Site "Wellington"]
[Date "2023.01.07"]
[Round "6.8"]
[White "Zhu, David Junyang"]
[Black "Van Riemsdijk, Herman C."]
[Result "0-1"]
[WhiteElo "1740"]
[BlackElo "2265"]

1. d4 {[%clk 01:30:57] [%emt 00:00:02]} 1... c5 {[%clk 01:30:42] [%emt
00:00:18]} 2. d5 {[%clk 01:31:15] [%emt 00:00:12]} 2... Nf6 {[%clk 01:31:05]
[%emt 00:00:07]} 3. c4 {[%clk 01:31:40] [%emt 00:00:05]} 3... b5 {[%clk
01:30:55] [%emt 00:00:40]} 4. cxb5 {[%clk 01:31:48] [%emt 00:00:22]} 4... a6
{[%clk 01:31:18] [%emt 00:00:08]} 5. e3 {[%clk 01:32:12] [%emt 00:00:05]} 5...
g6 {[%clk 01:31:33] [%emt 00:00:14]} 6. Nc3 {[%clk 01:32:22] [%emt 00:00:21]}
6... Bg7 {[%clk 01:31:41] [%emt 00:00:22]} 7. e4 {[%clk 01:32:19] [%emt
00:00:33]} 7... d6 {[%clk 01:32:04] [%emt 00:00:07]} 8. a4 {[%clk 01:32:24]
[%emt 00:00:26]} 8... O-O {[%clk 01:32:26] [%emt 00:00:08]} 9. Nf3 {[%clk
01:32:48] [%emt 00:00:06]} 9... Ne8 {[%clk 01:26:11] [%emt 00:06:45]} 10. Bd3
{[%clk 01:28:33] [%emt 00:04:45]} 10... axb5 {[%clk 01:26:27] [%emt 00:00:15]}
11. Bxb5 {[%clk 01:28:53] [%emt 00:00:09]} 11... Nc7 {[%clk 01:26:44] [%emt
00:00:13]} 12. Bd3 {[%clk 01:27:52] [%emt 00:01:31]} 12... Nba6 {[%clk
01:27:00] [%emt 00:00:13]} 13. O-O {[%clk 01:27:33] [%emt 00:00:50]} 13... Nb4
{[%clk 01:27:22] [%emt 00:00:08]} 14. Re1 {[%clk 01:26:25] [%emt 00:01:38]}
14... Nxd3 {[%clk 01:27:27] [%emt 00:00:25]} 15. Qxd3 {[%clk 01:26:50] [%emt
00:00:05]} 15... Na6 {[%clk 01:27:45] [%emt 00:00:12]} 16. Nb5 {[%clk 01:20:50]
[%emt 00:06:31]} 16... Nb4 {[%clk 01:26:36] [%emt 00:01:39]} 17. Qb3 {[%clk
01:20:45] [%emt 00:00:34]} 17... Ba6 {[%clk 01:10:30] [%emt 00:16:37]} 18. Bd2
{[%clk 01:19:13] [%emt 00:02:02]} 18... Bxb5 {[%clk 01:10:46] [%emt 00:00:14]}
19. axb5 {[%clk 01:17:46] [%emt 00:01:57]} 19... Qb6 {[%clk 01:11:06] [%emt
00:00:10]} 20. Bc3 {[%clk 01:11:30] [%emt 00:06:45]} 20... Qxb5 {[%clk
01:10:57] [%emt 00:00:40]} 21. Bxg7 {[%clk 01:11:48] [%emt 00:00:12]} 21...
Kxg7 {[%clk 01:11:21] [%emt 00:00:05]} 22. Nd2 {[%clk 01:07:49] [%emt
00:04:29]} 22... Qd3 {[%clk 01:08:18] [%emt 00:03:33]} 23. Qc3+ {[%clk
01:01:56] [%emt 00:06:24]} 23... f6 {[%clk 01:08:27] [%emt 00:00:21]} 24. Qxd3
{[%clk 01:00:34] [%emt 00:01:53]} 24... Nxd3 {[%clk 01:08:47] [%emt 00:00:09]}
25. Rxa8 {[%clk 01:00:31] [%emt 00:00:32]} 25... Rxa8 {[%clk 01:08:27] [%emt
00:00:50]} 26. Rb1 {[%clk 01:00:32] [%emt 00:00:30]} 26... f5 {[%clk 01:04:00]
[%emt 00:04:57]} 27. f3 {[%clk 00:58:50] [%emt 00:02:12]} 27... Ra4 {[%clk
00:59:38] [%emt 00:04:51]} 28. b3 {[%clk 00:54:01] [%emt 00:05:21]} 28... Rd4
{[%clk 00:59:46] [%emt 00:00:21]} 29. Kf1 {[%clk 00:53:10] [%emt 00:01:21]}
29... Kf6 {[%clk 00:51:53] [%emt 00:08:23]} 30. g3 {[%clk 00:51:36] [%emt
00:02:04]} 30... Nb4 {[%clk 00:51:48] [%emt 00:00:34]} 31. Rb2 {[%clk 00:50:25]
[%emt 00:01:41]} 31... Rd3 {[%clk 00:51:19] [%emt 00:00:59]} 32. Ke2 {[%clk
00:48:28] [%emt 00:02:26]} 32... Rc3 {[%clk 00:47:25] [%emt 00:04:25]} 33. Nb1
{[%clk 00:45:28] [%emt 00:03:30]} 33... Rc1 {[%clk 00:47:15] [%emt 00:00:38]}
34. Nd2 {[%clk 00:44:02] [%emt 00:01:57]} 34... Rg1 {[%clk 00:45:23] [%emt
00:02:21]} 35. Nc4 {[%clk 00:40:53] [%emt 00:03:40]} 35... fxe4 {[%clk
00:41:09] [%emt 00:04:45]} 36. fxe4 {[%clk 00:41:12] [%emt 00:00:11]} 36...
Rg2+ {[%clk 00:41:29] [%emt 00:00:09]} 37. Kf3 {[%clk 00:39:49] [%emt
00:01:52]} 37... Rxb2 {[%clk 00:41:46] [%emt 00:00:13]} 38. Nxb2 {[%clk
00:40:09] [%emt 00:00:10]} 38... Nc2 {[%clk 00:42:10] [%emt 00:00:07]} 39. Nc4
{[%clk 00:38:04] [%emt 00:02:35]} 39... Nd4+ {[%clk 00:42:25] [%emt 00:00:14]}
40. Ke3 {[%clk 01:06:41] [%emt 00:01:53]} 40... Nxb3 {[%clk 01:12:20] [%emt
00:00:36]} 41. h4 {[%clk 01:05:32] [%emt 00:01:38]} 41... Nd4 {[%clk 01:08:07]
[%emt 00:04:42]} 42. Kd3 {[%clk 01:03:47] [%emt 00:02:16]} 42... Nf3 {[%clk
01:05:10] [%emt 00:03:27]} 43. Ke3 {[%clk 01:03:06] [%emt 00:01:12]} 43... Ne5
{[%clk 01:05:03] [%emt 00:00:36]} 44. Nd2 {[%clk 01:03:10] [%emt 00:00:26]}
44... g5 {[%clk 01:05:03] [%emt 00:00:29]} 45. Nf1 {[%clk 01:01:03] [%emt
00:02:38]} 45... Kg6 {[%clk 01:05:11] [%emt 00:00:22]} 46. hxg5 {[%clk
00:57:34] [%emt 00:03:59]} 46... Kxg5 {[%clk 01:05:22] [%emt 00:00:19]} 47. Nh2
{[%clk 00:57:38] [%emt 00:00:25]} 47... Ng4+ {[%clk 01:05:42] [%emt 00:00:11]}
48. Nxg4 {[%clk 00:57:24] [%emt 00:00:44]} 48... Kxg4 {[%clk 01:06:05] [%emt
00:00:07]} 0-1

[Event "New Zealand Championship 2023"]
[Site "Wellington"]
[Date "2023.01.07"]
[Round "6.9"]
[White "McLaren, Leonard J"]
[Black "Rains, Edward"]
[Result "1/2-1/2"]
[WhiteElo "2265"]
[BlackElo "2180"]

1. e4 {[%clk 01:30:56] [%emt 00:00:02]} 1... c5 {[%clk 01:30:54] [%emt
00:00:07]} 2. Nf3 {[%clk 01:31:22] [%emt 00:00:04]} 2... e6 {[%clk 01:31:17]
[%emt 00:00:07]} 3. c3 {[%clk 01:31:31] [%emt 00:00:21]} 3... Nf6 {[%clk
01:31:38] [%emt 00:00:09]} 4. e5 {[%clk 01:31:36] [%emt 00:00:26]} 4... Nd5
{[%clk 01:31:59] [%emt 00:00:10]} 5. d4 {[%clk 01:31:13] [%emt 00:00:52]} 5...
cxd4 {[%clk 01:32:16] [%emt 00:00:13]} 6. cxd4 {[%clk 01:31:37] [%emt
00:00:06]} 6... d6 {[%clk 01:31:52] [%emt 00:00:54]} 7. Bc4 {[%clk 01:30:34]
[%emt 00:01:33]} 7... Be7 {[%clk 01:31:41] [%emt 00:00:40]} 8. O-O {[%clk
01:29:57] [%emt 00:01:06]} 8... O-O {[%clk 01:31:46] [%emt 00:00:25]} 9. Bxd5
{[%clk 01:27:00] [%emt 00:03:28]} 9... exd5 {[%clk 01:32:07] [%emt 00:00:09]}
10. Nc3 {[%clk 01:26:27] [%emt 00:01:03]} 10... Be6 {[%clk 01:26:38] [%emt
00:05:59]} 11. Qd3 {[%clk 01:11:44] [%emt 00:15:13]} 11... Nc6 {[%clk 01:16:05]
[%emt 00:11:04]} 12. Be3 {[%clk 01:08:54] [%emt 00:03:19]} 12... Qd7 {[%clk
01:05:03] [%emt 00:11:32]} 13. Rad1 {[%clk 01:07:25] [%emt 00:01:58]} 13...
Rac8 {[%clk 01:01:09] [%emt 00:04:26]} 14. Rfe1 {[%clk 01:05:27] [%emt
00:02:28]} 14... a6 {[%clk 00:54:37] [%emt 00:07:02]} 15. Qd2 {[%clk 00:56:16]
[%emt 00:09:41]} 15... b5 {[%clk 00:48:40] [%emt 00:06:27]} 16. Kh1 {[%clk
00:45:29] [%emt 00:11:16]} 16... Rc7 {[%clk 00:37:47] [%emt 00:11:24]} 17. Bf4
{[%clk 00:42:54] [%emt 00:03:05]} 17... Rfc8 {[%clk 00:33:08] [%emt 00:05:10]}
18. exd6 {[%clk 00:41:42] [%emt 00:01:41]} 18... Bxd6 {[%clk 00:33:23] [%emt
00:00:14]} 19. Rc1 {[%clk 00:36:54] [%emt 00:05:19]} 19... h6 {[%clk 00:18:06]
[%emt 00:15:47]} 20. h3 {[%clk 00:35:25] [%emt 00:01:58]} 20... Na5 {[%clk
00:13:53] [%emt 00:04:44]} 21. Bxd6 {[%clk 00:34:36] [%emt 00:01:18]} 21...
Qxd6 {[%clk 00:14:04] [%emt 00:00:19]} 22. Ne5 {[%clk 00:32:02] [%emt
00:03:04]} 22... Nc4 {[%clk 00:13:13] [%emt 00:01:21]} 23. Nxc4 {[%clk
00:28:13] [%emt 00:04:19]} 23... dxc4 {[%clk 00:12:07] [%emt 00:01:37]} 24. Ne4
{[%clk 00:22:44] [%emt 00:05:58]} 24... Qc6 {[%clk 00:09:03] [%emt 00:03:34]}
25. f3 {[%clk 00:20:19] [%emt 00:02:55]} 25... Rd8 {[%clk 00:07:19] [%emt
00:02:15]} 26. Rcd1 {[%clk 00:18:35] [%emt 00:02:13]} 26... Rcd7 {[%clk
00:05:13] [%emt 00:02:37]} 27. Qc3 {[%clk 00:14:01] [%emt 00:05:04]} 27... Rd5
{[%clk 00:02:44] [%emt 00:02:59]} 28. Nc5 {[%clk 00:12:16] [%emt 00:02:15]}
28... Bc8 {[%clk 00:02:40] [%emt 00:00:33]} 29. a3 {[%clk 00:11:01] [%emt
00:01:45]} 29... Qg6 {[%clk 00:02:37] [%emt 00:00:34]} 30. Qe3 {[%clk 00:09:19]
[%emt 00:02:08]} 30... Qh5 {[%clk 00:01:30] [%emt 00:01:40]} 31. Kh2 {[%clk
00:07:27] [%emt 00:02:21]} 31... Qg6 {[%clk 00:01:16] [%emt 00:00:45]} 32. Ne4
{[%clk 00:07:13] [%emt 00:00:44]} 32... Qb6 {[%clk 00:01:24] [%emt 00:00:22]}
33. Nc3 {[%clk 00:06:55] [%emt 00:00:47]} 33... R5d6 {[%clk 00:01:02] [%emt
00:00:52]} 34. Kh1 {[%clk 00:02:11] [%emt 00:05:14]} 34... Bb7 {[%clk 00:00:53]
[%emt 00:00:39]} 35. Ne2 {[%clk 00:01:57] [%emt 00:00:43]} 35... a5 {[%clk
00:01:05] [%emt 00:00:19]} 36. Rc1 {[%clk 00:01:40] [%emt 00:00:46]} 36... Re6
{[%clk 00:01:11] [%emt 00:00:24]} 37. Qd2 {[%clk 00:01:50] [%emt 00:00:17]}
37... Qc7 {[%clk 00:01:09] [%emt 00:00:35]} 38. b3 {[%clk 00:01:01] [%emt
00:01:19]} 38... Rg6 {[%clk 00:00:39] [%emt 00:01:00]} 39. bxc4 {[%clk
00:00:40] [%emt 00:00:51]} 39... bxc4 {[%clk 00:01:05] [%emt 00:00:05]} 40. Nf4
{[%clk 00:30:32] [%emt 00:00:39]} 40... Rf6 {[%clk 00:31:00] [%emt 00:00:34]}
41. Re5 {[%clk 00:23:56] [%emt 00:07:06]} 41... Qxe5 {[%clk 00:24:31] [%emt
00:06:59]} 42. dxe5 {[%clk 00:24:20] [%emt 00:00:05]} 42... Rxd2 {[%clk
00:24:56] [%emt 00:00:05]} 43. exf6 {[%clk 00:24:46] [%emt 00:00:04]} 43... g5
{[%clk 00:24:32] [%emt 00:00:54]} 44. Nh5 {[%clk 00:21:06] [%emt 00:04:09]}
44... Bd5 {[%clk 00:23:03] [%emt 00:01:59]} 45. Ng3 {[%clk 00:20:59] [%emt
00:00:36]} 45... Ra2 {[%clk 00:22:27] [%emt 00:01:06]} 46. Rc3 {[%clk 00:19:47]
[%emt 00:01:43]} 46... Kh7 {[%clk 00:21:45] [%emt 00:01:13]} 47. Nf5 {[%clk
00:19:51] [%emt 00:00:25]} 47... h5 {[%clk 00:20:15] [%emt 00:02:01]} 48. Ne3
{[%clk 00:18:33] [%emt 00:01:47]} 48... Be6 {[%clk 00:19:38] [%emt 00:01:07]}
49. Nxc4 {[%clk 00:17:42] [%emt 00:01:21]} 49... Bxc4 {[%clk 00:19:53] [%emt
00:00:15]} 50. Rxc4 {[%clk 00:18:08] [%emt 00:00:04]} 50... Rxa3 {[%clk
00:20:14] [%emt 00:00:09]} 51. h4 {[%clk 00:17:20] [%emt 00:01:17]} 51... gxh4
{[%clk 00:18:19] [%emt 00:02:25]} 52. Kh2 {[%clk 00:17:39] [%emt 00:00:11]}
52... Kg6 {[%clk 00:18:22] [%emt 00:00:26]} 53. Rc6 {[%clk 00:17:09] [%emt
00:01:00]} 53... Ra1 {[%clk 00:18:34] [%emt 00:00:19]} 54. Rc4 {[%clk 00:16:43]
[%emt 00:00:57]} 54... Kxf6 {[%clk 00:16:19] [%emt 00:02:45]} 55. Rxh4 {[%clk
00:17:07] [%emt 00:00:05]} 55... Kg5 {[%clk 00:16:29] [%emt 00:00:20]} 56. Rc4
{[%clk 00:17:29] [%emt 00:00:08]} 56... a4 {[%clk 00:16:02] [%emt 00:00:57]}
57. Rc5+ {[%clk 00:17:48] [%emt 00:00:11]} 57... f5 {[%clk 00:15:40] [%emt
00:00:52]} 58. Ra5 {[%clk 00:15:55] [%emt 00:02:23]} 58... Kf4 {[%clk 00:11:09]
[%emt 00:05:00]} 59. g3+ {[%clk 00:15:16] [%emt 00:01:08]} 59... Kxf3 {[%clk
00:10:52] [%emt 00:00:48]} 60. Rxf5+ {[%clk 00:15:41] [%emt 00:00:05]} 60...
Kg4 {[%clk 00:10:27] [%emt 00:00:55]} 61. Rf4+ {[%clk 00:16:05] [%emt
00:00:06]} 61... Kg5 {[%clk 00:10:45] [%emt 00:00:12]} 62. Rc4 {[%clk 00:16:10]
[%emt 00:00:25]} 62... a3 {[%clk 00:10:55] [%emt 00:00:21]} 63. Ra4 {[%clk
00:13:56] [%emt 00:02:43]} 63... a2 {[%clk 00:10:25] [%emt 00:01:00]} 64. Kg2
{[%clk 00:13:43] [%emt 00:00:43]} 64... Kf5 {[%clk 00:10:42] [%emt 00:00:13]}
65. Ra8 {[%clk 00:12:23] [%emt 00:01:50]} 65... Ke5 {[%clk 00:09:36] [%emt
00:01:36]} 66. Ra7 {[%clk 00:12:26] [%emt 00:00:28]} 66... Kd6 {[%clk 00:09:47]
[%emt 00:00:19]} 67. Ra8 {[%clk 00:12:26] [%emt 00:00:29]} 67... Kc6 {[%clk
00:10:09] [%emt 00:00:08]} 68. Ra7 {[%clk 00:12:42] [%emt 00:00:14]} 68... Kb6
{[%clk 00:10:29] [%emt 00:00:10]} 69. Ra8 {[%clk 00:13:07] [%emt 00:00:06]}
69... Kb7 {[%clk 00:10:54] [%emt 00:00:05]} 70. Ra3 {[%clk 00:13:23] [%emt
00:00:09]} 70... Kb6 {[%clk 00:11:18] [%emt 00:00:10]} 71. Ra8 {[%clk 00:13:47]
[%emt 00:00:06]} 71... Kb7 {[%clk 00:11:41] [%emt 00:00:07]} 72. Ra3 {[%clk
00:14:12] [%emt 00:00:05]} 72... Kb6 {[%clk 00:12:00] [%emt 00:00:15]} 1/2-1/2